00776cam a2200229 i 4500999001500000001000600015003000900021005001700030008004100047020001500088040003800103082001600141100001900157245006000176250001200236260006600248300003200314504005100346650002300397942001200420952011400432 c1919d191914327BD-DhUAP20200218094455.0200218r19931990enk b 001 0 eng  a0194424367 aBD-DhUAPcBD-DhUAPdBD-DhUAPbEng00223a341 BRO1 aBrownlie, Ian.10aPrinciples of public international law /cIan Brownlie. a4th ed. aNew York :bOxford University Press,cc1990 [Reprinted 1993]. axlviii, 748 pages ;c24 cm. aIncludes bibliographical references and index. 0aInternational law. 2ddccBK 00102ddc4070aUAPCLbUAPCLcGeneral Stacksd2020-02-18o341 BROp3010014327r2020-02-18t1w2020-02-18yBK